Violencia, conflicto, medios de comunicación y tecnologías /

Bibliographic Details
Main Author: Alonso de la Hera, Miriam Elena (Author)
Other Authors: Martínez-Otero Pérez, Valentín (Editor), Cayón Peña, Juan (Editor), Delgado Morán, Juan José (Editor), Barahona Gomariz, Ma. José (contributor agent of text.)
Format: Electronic eBook
Language:Spanish
Published: Madrid : Dykinson, S.L., [2024]
Series:Cuadernos de psicosociobiología de la violencia : educación y prevención.
Subjects:
Online Access:Digitalia Hispánica

MARC

LEADER 00000nam a2200000 i 4500
001 DIGDYK3730
003 NyNyDIG
007 cr |||||||||||
008 250215s2024 sp ob 000 0 spa d
006 m o d
035 |a (OCoLC)1458761859 
040 |a DGITA  |b eng  |e rda  |e pn  |c DGITA 
020 |a 9788410705722  |q electrónico 
020 |z 9788410704930 
024 7 |a 10.14679/3340  |2 doi 
050 1 4 |a P96.V5 ebook 
245 0 0 |a Violencia, conflicto, medios de comunicación y tecnologías /  |c Valentín Martínez-Otero Pérez, Juan Cayón Peña (directores) ; prólogo Ma. José Barahona Gomariz ; coordinador, Juan José Delgado Morán ; autores, Alonso de la Hera, Miriam Elena [and 13 others] 
264 1 |a Madrid :  |b Dykinson, S.L.,  |c [2024] 
300 |a 1 online resource. 
336 |a text  |b txt  |2 rdacontent 
337 |a computer  |b c  |2 rdamedia 
338 |a online resource  |b cr  |2 rdacarrier 
347 |a text file  |2 rdaft 
347 |b PDF 
490 1 |a Cuadernos de Psicosociobiología de la Violencia : Educación y Prevención 
500 |a "Grupo Complutense de Investigación AlmaMater". 
504 |a Includes bibliographical references. 
588 0 |a Online resource; title from PDF title page (Digitalia, viewed February 15, 2025) 
650 0 |a Violence in mass media. 
650 0 |a Violence in mass media  |x Social aspects. 
700 1 |a Martínez-Otero Pérez, Valentín,  |e editor. 
700 1 |a Cayón Peña, Juan,  |e editor. 
700 1 |a Delgado Morán, Juan José,  |e editor. 
700 1 |a Barahona Gomariz, Ma. José,  |e contributor agent of text. 
700 1 |a Alonso de la Hera, Miriam Elena,  |e author. 
791 2 |a Digitalia (Firm),  |e distributor. 
793 0 |g Digitalia eBook Collection:  |a Dykinson Editorial 
776 0 8 |i Print version:  |t Violencia, conflicto, medios de comunicación y tecnologías.  |d Madrid : Dykinson, S.L., [2024]  |z 9788410704930 
830 0 |a Cuadernos de psicosociobiología de la violencia : educación y prevención. 
856 4 0 |3 Digitalia Hispánica  |u https://www.digitaliapublishing.com/a/162676/ 
910 |a Premium collection: 2025